La independencia de Colombia / (Record no. 11412)

MARC details
000 -LEADER
campo de control de longitud fija 01019nam a22003015i 4500
001 - NÚMERO DE CONTROL
campo de control 11412
003 - IDENTIFICADOR DE NÚMERO DE CONTROL
campo de control ES-MaACL
005 - FECHA Y HORA DE LA ÚLTIMA TRANSACCIÓN
campo de control 20250731233930.0
007 - CAMPO FIJO DE DESCRIPCIÓN FÍSICA--INFORMACIÓN GENERAL
campo de control de longitud fija t|
008 - DATOS DE LONGITUD FIJA--INFORMACIÓN GENERAL
campo de control de longitud fija 921106s1992 sp ||||0| spa j
020 ## - NÚMERO INTERNACIONAL ESTÁNDAR DEL LIBRO
Número Internacional Estándar del Libro 84-7100-596-4
040 ## - FUENTE DE CATALOGACIÓN
Centro catalogador/agencia de origen M-BN
Lengua de catalogación spa
Centro/agencia transcriptor M-BN
080 ## - NÚMERO DE LA CLASIFICACIÓN DECIMAL UNIVERSAL
Número de la Clasificación Decimal Universal 986.1"1810/22"
080 ## - NÚMERO DE LA CLASIFICACIÓN DECIMAL UNIVERSAL
Número de la Clasificación Decimal Universal 986.1"1822/32"
100 1# - ENTRADA PRINCIPAL--NOMBRE DE PERSONA
Nombre de persona Gómez Hoyos, Rafael.
9 (RLIN) 57983
245 13 - MENCIÓN DEL TÍTULO
Título La independencia de Colombia /
Mención de responsabilidad, etc. Rafael Gómez Hoyos con la colaboración de Marta Gónzalez.
260 ## - PUBLICACIÓN, DISTRIBUCIÓN, ETC.
Lugar de publicación, distribución, etc. Madrid :
Nombre del editor, distribuidor, etc. MAPFRE,
Fecha de publicación, distribución, etc. [1992]
300 ## - DESCRIPCIÓN FÍSICA
Extensión 380 p ;
Dimensiones 23 cm.
490 1# - MENCIÓN DE SERIE
Mención de serie Colección Independencia de Iberoamérica ;
Designación de volumen o secuencia 11
500 ## - NOTA GENERAL
Nota general Indices.
504 ## - NOTA DE BIBLIOGRAFÍA, ETC.
Nota de bibliografía, etc. Bibliografía: p. [355]-367.
651 #4 - PUNTO DE ACCESO ADICIONAL DE MATERIA--NOMBRE GEOGRÁFICO
Nombre geográfico Colombia-
Subdivisión general Historia-
Subdivisión cronológica 1810-1822, Guerra de la Independencia.
9 (RLIN) 8075
651 #4 - PUNTO DE ACCESO ADICIONAL DE MATERIA--NOMBRE GEOGRÁFICO
Nombre geográfico Colombia-
Subdivisión general Historia-
Subdivisión cronológica 1822-1832.
9 (RLIN) 8074
700 1# - ENTRADA AGREGADA--NOMBRE PERSONAL
Nombre de persona González, Marta.
9 (RLIN) 58364
830 00 - PUNTO DE ACCESO ADICIONAL DE SERIE-TÍTULO UNIFORME
Título uniforme Colección Independencia de Iberoamérica
Designación de volumen o secuencia 11
9 (RLIN) 179057
852 ## - LOCALIZACIÓN
Ubicación ES-MaACL
Número de control de estantería L-18737
Sublocalización o colección R.124065
Holdings
Estatus retirado Estado de pérdida Estado de daño No para préstamo Biblioteca de origen Biblioteca actual Ubicación en estantería Fecha de adquisición Fuente de adquisición Total de préstamos Signatura topográfica completa Código de barras Visto por última vez Precio de reemplazo Tipo de ítem Koha
        Biblioteca del Ateneo de Madrid Biblioteca del Ateneo de Madrid Depósito 2 17/01/2008     L-18737 1011635 23/02/2023 23/02/2023 Libro impreso